|
|
|
|
| LEADER |
00000nam0a2200000 4500 |
| 001 |
271861 |
| 005 |
20231101234457.0 |
| 035 |
|
|
|a (RuTPU)RU\TPU\book\295064
|
| 090 |
|
|
|a 271861
|
| 100 |
|
|
|a 20141013d1986 k y0rusy50 ca
|
| 101 |
0 |
|
|a rus
|
| 102 |
|
|
|a RU
|
| 105 |
|
|
|a a z 001zy
|
| 200 |
1 |
|
|a Совершенствование струговых средств выемки угля
|e сборник научных трудов
|f Шахтинский научно-исследовательский и проектно-конструкторский угольный институт им. А. М. Терпигорева (ШахтНИУИ) ; гл. ред. О. Б. Батин
|
| 210 |
|
|
|a Шахты
|c Изд-во ИГД
|d 1986
|
| 215 |
|
|
|a 154 с.
|c ил.
|
| 320 |
|
|
|a Библиогр. в конце ст.
|
| 606 |
1 |
|
|a Угольные струги
|x Эксплуатация
|2 stltpush
|3 (RuTPU)RU\TPU\subj\62765
|9 79832
|
| 610 |
1 |
|
|a совершенствование
|
| 610 |
1 |
|
|a уголь
|
| 610 |
1 |
|
|a выемка
|
| 610 |
1 |
|
|a установки
|
| 610 |
1 |
|
|a агрегаты
|
| 610 |
1 |
|
|a приводные устройства
|
| 610 |
1 |
|
|a экономическая эффективность
|
| 675 |
|
|
|a 622.232.75
|v 3
|
| 702 |
|
1 |
|a Батин
|b О. Б.
|4 651
|
| 712 |
0 |
2 |
|a Шахтинский научно-исследовательский и проектно-конструкторский угольный институт им. А. М. Терпигорева (ШахтНИУИ)
|c (Шахты)
|2 stltpush
|3 (RuTPU)RU\TPU\col\18898
|
| 801 |
|
1 |
|a RU
|b 63413507
|c 20141013
|
| 801 |
|
2 |
|a RU
|b 63413507
|c 20150622
|g RCR
|
| 942 |
|
|
|c BK
|